000 00720nam a22002177a 4500
003 NUST-PNEC
005 20170116180732.0
008 141118b xxu||||| |||| 00| 0 eng d
020 _a9788120347465
040 _cPNEC
082 _a005.1 BAS
100 _9991
_aBasu, S. K.
245 _aDesign methods and analysis of algorithms
_cS. K. Basu
250 _a2nd ed.
260 _aNew Delhi :
_bPHI Learning Private Limited
_cc2013
300 _axxv, 369 p. :
_bill. ;
_c24 cm.
500 _aIncludes Index
650 _xComputer, MIS
856 _uhttp://www.amazon.com/Design-Methods-Analysis-Algorithms-S-K/dp/8120347463/ref=sr_1_1?s=books&ie=UTF8&qid=1416297083&sr=1-1&keywords=9788120347465
942 _2ddc
_cBK
999 _c61812
_d61812